000 00358nam a2200145Ia 4500
008 231129s1984||||xx |||||||||||||| ||spa||
020 _a84-8280-194-5
040 _bspa
082 _aF843 H895
100 _aHugo Victor
245 0 _aLos miserables
260 _c1984
264 _aLa Oveja Negra
942 _2ddc
_cBKS
999 _c19840
_d19840